Wessanen Foods Ltd v Jofson Ltd (Record no. 77426)
[ view plain ]
| 000 -LEADER | |
|---|---|
| fixed length control field | 01456cab a2200217 4500 |
| 001 - CONTROL NUMBER | |
| control field | ##L134251 |
| 008 - FIXED-LENGTH DATA ELEMENTS--GENERAL INFORMATION | |
| fixed length control field | 060720n2006 000 0 eng u |
| 035 ## - SYSTEM CONTROL NUMBER | |
| System control number | (Sirsi) u134251 |
| 041 0# - LANGUAGE CODE | |
| Language code of text/sound track or separate title | eng |
| 245 00 - TITLE STATEMENT | |
| Title | Wessanen Foods Ltd v Jofson Ltd |
| 260 ## - PUBLICATION, DISTRIBUTION, ETC. | |
| Date of publication, distribution, etc. | 2006 |
| 520 ## - SUMMARY, ETC. | |
| Summary, etc. | [2006] EWHC 1325 (TCC), 8 June 2006. Reminds property owners of the importance of insurance protecting their property from the actions of their employees. Considers liability for fire damage to W's warehouse property when a battery-powered forklift truck hired from J began sparking. W sued J, claiming that the forklift was not fit for purpose because the battery cables were too long, and that J had breached the hire contract by failing to attend to the fault quickly enough. "Held": claim dismissed. The forklift truck was not defective. The battery cables had been damaged by W's employee in failing to stow them away correctly, and W's electrician had then failed to disconnect the cables to prevent further sparking. |
| 590 ## - LOCAL NOTE (RLIN) | |
| Local note | IKA010806 |
| 650 24 - SUBJECT ADDED ENTRY--TOPICAL TERM | |
| Topical term or geographic name entry element | WESSANEN FOODS LTD V JOFSON LTD |
| 650 24 - SUBJECT ADDED ENTRY--TOPICAL TERM | |
| Topical term or geographic name entry element | SUPPLY OF GOODS AND SERVICES ACT 1982 |
| 650 24 - SUBJECT ADDED ENTRY--TOPICAL TERM | |
| Topical term or geographic name entry element | UNFAIR CONTRACT TERMS ACT 1977 |
| 651 #4 - SUBJECT ADDED ENTRY--GEOGRAPHIC NAME | |
| Geographic name | England and Wales |
| Chronological subdivision | 1543- |
| 690 ## - LOCAL SUBJECT ADDED ENTRY--TOPICAL TERM (OCLC, RLIN) | |
| Topical term or geographic name as entry element | PROPERTY-PROPERTY APPRAISAL AND VALUATION-INSURANCE VALUATION-PROPERTY INSURANCE ASSESSMENT |
| 856 40 - ELECTRONIC LOCATION AND ACCESS | |
| Uniform Resource Identifier | <a href="https://www.bailii.org/ew/cases/EWHC/TCC/2006/1325.html">https://www.bailii.org/ew/cases/EWHC/TCC/2006/1325.html</a> |
| Public note | View the item free of charge at www.bailii.org... |
| 942 ## - ADDED ENTRY ELEMENTS (KOHA) | |
| Suppress in OPAC | 0 |
| Withdrawn status | Lost status | Source of classification or shelving scheme | Damaged status | Not for loan | Home library | Current library | Shelving location | Date acquired | Total Checkouts | Full call number | Barcode | Date last seen | Copy number | Price effective from | Koha item type |
|---|---|---|---|---|---|---|---|---|---|---|---|---|---|---|---|
| Dewey Decimal Classification | Virtual | Virtual | Online | 20/07/2006 | ONLINE PUBLICATION | 134251-1001 | 06/08/2019 | 1 | 06/08/2019 | Law report |